00715nam a2200229 a 4500001001300000003000900013005001700022008004100039020002300080082001600103245004600119260005000165300000900215500003500224505001300259650003300272710003300305902000800338942000700346952011700353999001500470nice12345678IN_TiNIC20260116012818.0050524s1983 sina grp 000 0 eng  a9971948 c10000a230.07bCCA aTowards a Theological Basis for Education aSingaporebChristian Conference of Asiac1983 a114p aincludes index and biblioraphy2 aEpilogue aEducation-Christian Theology2 aChristian Conference in Asia bSRS cBK 001040708StackRoom-aHMIbHMId2007-06-13g100.00l0o230.07 CCAp012636r2007-06-13v100.00w2005-05-24yBK c8477d8477